Football - Coupe d'Afrique des nations 2024 - Pays participants - Statistiques

Statistiques générales
  • Ce quiz a été pris 1 718 fois
  • Le résultat moyen est 19 sur 24
Statistiques - réponses
Réponse % Correct
Algérie
98%
Maroc
98%
Côte d'Ivoire
94%
Sénégal
94%
Tunisie
93%
RD Congo
91%
Afrique du Sud
89%
Égypte
89%
Cameroun
87%
Guinée
87%
Mali
86%
Nigeria
86%
Mauritanie
79%
Angola
78%
Ghana
75%
Cap-Vert
74%
Guinée Équatoriale
73%
Zambie
70%
Guinée-Bissau
69%
Burkina Faso
67%
Tanzanie
64%
Namibie
62%
Gambie
57%
Mozambique
57%
Aucun quiz correspondant
Distribution des résultats
% des personnes avec chaque résultat
Percentile par nombre de réponses
Votre historique - résultats
Vous n’avez pas pris ce quiz